[Event "SSkopje MKD"]
[Site "SSkopje MKD"]
[Date "2014.03.30"]
[Round "2.10"]
[White "Predojevic, Borki"]
[Black "Radovanovic, Dusan"]
[Result "1-0"]
[WhiteElo "2607"]
[BlackElo "2379"]
[PlyCount "105"]
[EventDate "2014.03.29"]
[EventType "swiss"]
[EventRounds "9"]

1. e4 c5 2. Nf3 d6 3. d4 cxd4 4. Qxd4 Nc6 5. Bb5 Bd7 6. Qd3 Nf6 7. c4 g6 8. Nc3
Bg7 9. O-O a6 10. Bxc6 Bxc6 11. Nd4 Rc8 12. Rd1 Qc7 13. b3 O-O 14. Bb2 Rfe8 15.
Rac1 Qb8 16. Nxc6 Rxc6 17. a4 Nd7 18. Rb1 Qa7 19. Ne2 Bxb2 20. Rxb2 Qc5 21. Qb1
Qb4 22. Nd4 Rc5 23. Kh1 Ne5 24. Nc2 Qc3 25. Ne3 Nc6 26. Nd5 Qg7 27. Rbd2 a5 28.
h3 h6 29. Qd3 Ne5 30. Qe3 Nd7 31. f4 Nf6 32. e5 Nxd5 33. Rxd5 Rxd5 34. Rxd5
dxe5 35. fxe5 e6 36. Rxa5 Rd8 37. Kh2 g5 38. Ra7 Qg6 39. Rxb7 Qf5 40. Qf3 Qxe5+
41. Qg3 Qe4 42. Rb8 Rxb8 43. Qxb8+ Kg7 44. Qg3 f5 45. c5 Kg6 46. Qc3 Qf4+ 47.
Kg1 g4 48. hxg4 fxg4 49. g3 Qe4 50. c6 Qb1+ 51. Kf2 Qh1 52. c7 Qh2+ 53. Ke1 1-0

[Event "SSkopje MKD"]
[Site "SSkopje MKD"]
[Date "2014.03.30"]
[Round "2.11"]
[White "Nestorovic, Lazar"]
[Black "Salgado Lopez, Ivan"]
[Result "0-1"]
[WhiteElo "2381"]
[BlackElo "2605"]
[PlyCount "68"]
[EventDate "2014.03.29"]
[EventType "swiss"]
[EventRounds "9"]

1. e4 c5 2. Nf3 Nc6 3. Bb5 e6 4. Bxc6 bxc6 5. d3 Ne7 6. h4 h5 7. Nc3 Qc7 8. Be3
Ng6 9. d4 cxd4 10. Qxd4 e5 11. Qc4 f6 12. O-O-O Qa5 13. Qb3 Be7 14. Nd2 Qc7 15.
g4 hxg4 16. Rdg1 d6 17. f3 Nxh4 18. Bf2 g5 19. Bxh4 gxh4 20. fxg4 Qb6 21. Qc4
Ba6 22. Qe6 Rb8 23. Na4 Qb5 24. b3 Bc8 25. Qc4 Qxc4 26. Nxc4 d5 27. Ne3 dxe4
28. Nc3 Rb4 29. Nc4 Be6 30. a3 Rxc4 31. bxc4 Bxa3+ 32. Kb1 Bc5 33. Rg2 h3 34.
Rg3 Bf2 0-1

[Event "SSkopje MKD"]
[Site "SSkopje MKD"]
[Date "2014.03.30"]
[Round "2.12"]
[White "Vovk, Andrey"]
[Black "Bulmaga, Irina"]
[Result "1-0"]
[WhiteElo "2605"]
[BlackElo "2375"]
[PlyCount "77"]
[EventDate "2014.03.29"]
[EventType "swiss"]
[EventRounds "9"]

1. e4 c5 2. Nf3 d6 3. d4 cxd4 4. Nxd4 Nf6 5. Nc3 a6 6. Be3 e5 7. Nb3 Be6 8. h3
Nbd7 9. g4 h6 10. Qd2 b5 11. O-O-O Rb8 12. f4 Qc8 13. Kb1 b4 14. Nd5 Nxe4 15.
Qg2 Bxd5 16. Rxd5 Nef6 17. Ra5 Be7 18. Ba7 O-O 19. Bxa6 Qc7 20. Bxb8 Nxb8 21.
Bd3 Nc6 22. Ra6 Nb8 23. Ra8 exf4 24. g5 Nh5 25. gxh6 g6 26. Rf1 Kh7 27. Nd4 Bf6
28. Bxg6+ fxg6 29. Ne6 Qf7 30. Nxf8+ Qxf8 31. Qb7+ Kxh6 32. Rxb8 Qg7 33. Qxg7+
Bxg7 34. Rxb4 Kg5 35. a4 Be5 36. a5 Ng3 37. Rfxf4 Bxf4 38. Rxf4 Kxf4 39. a6 1-0

[Event "SSkopje MKD"]
[Site "SSkopje MKD"]
[Date "2014.03.30"]
[Round "2.13"]
[White "Grandelius, Nils"]
[Black "Radovanovic, Jovica"]
[Result "1-0"]
[WhiteElo "2600"]
[BlackElo "2372"]
[PlyCount "57"]
[EventDate "2014.03.29"]
[EventType "swiss"]
[EventRounds "9"]

1. Nf3 Nf6 2. c4 c5 3. Nc3 Nc6 4. g3 g6 5. Bg2 Bg7 6. d4 cxd4 7. Nxd4 Nxd4 8.
Qxd4 O-O 9. O-O d6 10. Qd3 Nd7 11. b3 a6 12. Be3 Nc5 13. Qd2 Be6 14. Rac1 Re8
15. Rfd1 Rb8 16. Nd5 a5 17. Bxc5 dxc5 18. Qf4 Bd7 19. Rd3 e6 20. Nb6 Qxb6 21.
Rxd7 Rf8 22. Rxf7 Rbd8 23. Rxf8+ Bxf8 24. Bf3 Qd6 25. Qe4 b6 26. Bg4 Kf7 27.
Rc3 Bg7 28. Rd3 Qc7 29. Bxe6+ 1-0

[Event "SSkopje MKD"]
[Site "SSkopje MKD"]
[Date "2014.03.30"]
[Round "2.14"]
[White "Ali Marandi, Cemil Can"]
[Black "Fier, Alexandr Hilario T"]
[Result "1/2-1/2"]
[WhiteElo "2380"]
[BlackElo "2595"]
[PlyCount "107"]
[EventDate "2014.03.29"]
[EventType "swiss"]
[EventRounds "9"]

1. e4 c5 2. c3 d5 3. exd5 Qxd5 4. d4 g6 5. Nf3 Bg7 6. Na3 cxd4 7. Bc4 Qe4+ 8.
Be3 Nh6 9. Nb5 O-O 10. cxd4 Nc6 11. Nc3 Qf5 12. h3 Qh5 13. d5 Ne5 14. Nxe5 Qxe5
15. O-O Nf5 16. Re1 Qc7 17. Qb3 Bd7 18. Rad1 b5 19. Bf1 Rab8 20. Ne4 Nxe3 21.
Rxe3 a5 22. Ng3 a4 23. Qd3 Bxb2 24. Rxe7 Qd6 25. Re2 Bg7 26. Ne4 Qb6 27. d6 b4
28. Qf3 Bf5 29. g4 Bxe4 30. Rxe4 b3 31. axb3 axb3 32. Bc4 b2 33. Ba2 Rbd8 34.
Qd3 Bf6 35. Qd5 Ra8 36. Bb1 Ra5 37. Qd3 Kg7 38. d7 Rd8 39. Re8 Rc5 40. Rxd8
Qxd8 41. Ba2 Rc1 42. Qd5 Kh6 43. Kg2 Bg5 44. Rd4 b1=Q 45. Bxb1 Rxb1 46. f4 Be7
47. g5+ Kg7 48. Qe5+ f6 49. Qxe7+ Qxe7 50. gxf6+ Qxf6 51. d8=Q Qc6+ 52. Qd5
Rb2+ 53. Kf3 Rb3+ 54. Kg2 1/2-1/2

[Event "SSkopje MKD"]
[Site "SSkopje MKD"]
[Date "2014.03.30"]
[Round "2.15"]
[White "Maier, Christian"]
[Black "Roiz, Michael"]
[Result "0-1"]
[WhiteElo "2376"]
[BlackElo "2591"]
[PlyCount "64"]
[EventDate "2014.03.29"]
[EventType "swiss"]
[EventRounds "9"]

1. d4 Nf6 2. Nf3 g6 3. Nc3 d5 4. Bg5 Bg7 5. Bxf6 Bxf6 6. e4 c6 7. Qd2 O-O 8. h4
h5 9. e5 Bg7 10. Bd3 c5 11. dxc5 Nc6 12. a3 Bg4 13. O-O-O e6 14. Kb1 Qe7 15.
Qf4 Bxf3 16. Qxf3 Nxe5 17. Qe2 Qxc5 18. f3 Rac8 19. Na2 Nxd3 20. cxd3 Rc6 21.
g4 Rb6 22. Rd2 Qxa3 23. d4 Qa4 24. Rhd1 hxg4 25. fxg4 Rc8 26. Qe3 Ra6 27. b3
Rb6 28. Rb2 Qd7 29. h5 e5 30. dxe5 Qxg4 31. Rxd5 Qxh5 32. Nc3 Qh1+ 0-1

[Event "SSkopje MKD"]
[Site "SSkopje MKD"]
[Date "2014.03.30"]
[Round "2.16"]
[White "Kozul, Zdenko"]
[Black "Codenotti, Marco"]
[Result "1-0"]
[WhiteElo "2586"]
[BlackElo "2362"]
[PlyCount "97"]
[EventDate "2014.03.29"]
[EventType "swiss"]
[EventRounds "9"]

1. Nf3 d5 2. c4 c6 3. e3 Nf6 4. Nc3 g6 5. Qb3 Bg7 6. cxd5 cxd5 7. Bb5+ Nc6 8.
Ne5 Qd6 9. d4 O-O 10. f4 Bf5 11. Bd2 a6 12. Be2 b5 13. Nxc6 Qxc6 14. O-O Rab8
15. Bf3 e6 16. Rfc1 Qd7 17. Nd1 Bg4 18. Bxg4 Nxg4 19. a4 Rfc8 20. Rxc8+ Rxc8
21. axb5 Qxb5 22. Qxb5 axb5 23. h3 Nf6 24. Kf1 Bf8 25. Ke2 Ne4 26. Kd3 Bd6 27.
Ra6 Kf8 28. Nc3 Nxc3 29. Bxc3 Ke7 30. Ra5 Rb8 31. Ra7+ Ke8 32. g4 h5 33. Ba5
Rc8 34. Bd2 hxg4 35. hxg4 Rc7 36. Ra6 Kd7 37. Rb6 Rc8 38. Rb7+ Bc7 39. Ba5 Kc6
40. Rxc7+ Rxc7 41. Bxc7 Kxc7 42. Kc3 f6 43. Kb4 Kb6 44. g5 f5 45. b3 Ka6 46.
Kc5 Ka5 47. Kd6 Kb4 48. Kxe6 Kxb3 49. Kxd5 1-0

[Event "SSkopje MKD"]
[Site "SSkopje MKD"]
[Date "2014.03.30"]
[Round "2.17"]
[White "Milenkovic, Mladen"]
[Black "Jumabayev, Rinat"]
[Result "0-1"]
[WhiteElo "2373"]
[BlackElo "2580"]
[PlyCount "94"]
[EventDate "2014.03.29"]
[EventType "swiss"]
[EventRounds "9"]

1. e4 c5 2. Nf3 Nc6 3. d4 cxd4 4. Nxd4 e6 5. Nc3 Qc7 6. Be3 a6 7. Qd2 Nf6 8. f4
b5 9. Bd3 Bb7 10. Nb3 d6 11. a3 Be7 12. O-O-O O-O 13. Kb1 b4 14. axb4 Nxb4 15.
Rhe1 a5 16. Nb5 Qb8 17. e5 dxe5 18. fxe5 Ne4 19. Qe2 a4 20. Nd2 Nxd3 21. cxd3
Nxd2+ 22. Bxd2 a3 23. b4 Ba6 24. Nd6 Bxd6 25. exd6 Qxd6 26. Bc3 Rfc8 27. Qe5
Bxd3+ 28. Ka1 Qxe5 29. Bxe5 Bc4 30. Rd2 Bd5 31. b5 f6 32. Bd6 Rc3 33. b6 Rb3
34. Rb1 Rxb1+ 35. Kxb1 Ra5 36. Ka1 Rb5 37. Bxa3 Rxb6 38. g3 Kf7 39. Bb2 Kg6 40.
Kb1 Rc6 41. Bd4 Kf5 42. Kb2 Kg4 43. Bc3 Kh3 44. Kc2 Be4+ 45. Kb3 Rc7 46. Ba5
Rb7+ 47. Kc3 Bg2 0-1

[Event "SSkopje MKD"]
[Site "SSkopje MKD"]
[Date "2014.03.30"]
[Round "2.18"]
[White "Bachmann, Axel"]
[Black "Draskovic, Luka"]
[Result "1-0"]
[WhiteElo "2575"]
[BlackElo "2360"]
[PlyCount "87"]
[EventDate "2014.03.29"]
[EventType "swiss"]
[EventRounds "9"]

1. Nf3 Nf6 2. c4 e6 3. g3 b6 4. Bg2 Bb7 5. d4 d5 6. O-O Be7 7. Nc3 O-O 8. Ne5
Nbd7 9. Qa4 c6 10. Nxc6 Bxc6 11. Qxc6 Rc8 12. Qa4 Rxc4 13. Qxa7 Qc8 14. e4 Qc6
15. exd5 exd5 16. Qa6 Ra8 17. Qb5 Rxc3 18. Qe2 Rxc1 19. Rfxc1 Qd6 20. Qb5 h5
21. a3 Ra5 22. Rc8+ Kh7 23. Qe2 Qe6 24. Qxe6 fxe6 25. Rc6 Ra4 26. Rxe6 Bf8 27.
Rd1 Rc4 28. Bf1 Rc7 29. Bb5 Kg8 30. Rc6 Rxc6 31. Bxc6 Kf7 32. b4 Ke6 33. Rc1
Kd6 34. Bb5 Nb8 35. Rc8 Nfd7 36. a4 Be7 37. f4 Bf6 38. Kf2 Bxd4+ 39. Kf3 Bb2
40. a5 bxa5 41. bxa5 Bd4 42. a6 Ba7 43. Rg8 Bd4 44. Rxg7 1-0

[Event "SSkopje MKD"]
[Site "SSkopje MKD"]
[Date "2014.03.30"]
[Round "2.19"]
[White "Cawdery, Daniel"]
[Black "Bok, Benjamin"]
[Result "0-1"]
[WhiteElo "2362"]
[BlackElo "2575"]
[PlyCount "188"]
[EventDate "2014.03.29"]
[EventType "swiss"]
[EventRounds "9"]

1. e4 e5 2. Nf3 Nc6 3. Bc4 Bc5 4. c3 Nf6 5. d4 exd4 6. cxd4 Bb4+ 7. Bd2 Bxd2+
8. Nbxd2 d5 9. exd5 Nxd5 10. Qb3 Nce7 11. O-O O-O 12. Rfe1 Nb6 13. Bd3 h6 14.
Rac1 c6 15. Bb1 Nbd5 16. Re5 Rb8 17. Rce1 Ng6 18. Bxg6 fxg6 19. h3 g5 20. Ne4
Kh8 21. Qa3 a6 22. Nc3 Nf4 23. Re7 Ng6 24. R7e3 Bf5 25. d5 cxd5 26. Rd1 Nf4 27.
Nxd5 Nxd5 28. Re5 Qf6 29. Rexd5 Be4 30. Rd6 Qf5 31. Qc3 Bxf3 32. Rd7 Rf7 33.
Rxf7 Qxf7 34. Qxf3 Qxa2 35. Qc3 Qf7 36. Rd6 Kg8 37. Qd4 Re8 38. Rd7 Re7 39.
Rd8+ Re8 40. Rd7 Re7 41. Rd8+ Kh7 42. Qd3+ g6 43. g4 b5 44. Kg2 Rb7 45. b4 Qc4
46. Rd7+ Rxd7 47. Qxd7+ Kg8 48. Qe8+ Kg7 49. Qe7+ Qf7 50. Qe5+ Kh7 51. Qd6 Qb7+
52. Kg1 Kg7 53. Qe6 Qa7 54. Qe5+ Kg8 55. Qe6+ Kh7 56. Qf6 Qb7 57. Qe6 Kg7 58.
Kf1 Qf7 59. Qe5+ Qf6 60. Qc7+ Kf8 61. Qc8+ Kf7 62. Qd7+ Qe7 63. Qd5+ Qe6 64.
Qf3+ Ke7 65. Qb7+ Kf6 66. Qf3+ Ke7 67. Qb7+ Qd7 68. Qxa6 Qd3+ 69. Kg1 Qb1+ 70.
Kg2 Qxb4 71. Qxg6 Qd6 72. Qe4+ Kd8 73. Qb7 b4 74. Kg1 Qd1+ 75. Kg2 Qd4 76. Kg1
Qc5 77. Kg2 Qc3 78. Qb8+ Kd7 79. Qb7+ Kd6 80. Qb8+ Kc5 81. Qc7+ Kb5 82. Qb7+
Kc5 83. Qc7+ Kb5 84. Qb7+ Ka4 85. Qa6+ Kb3 86. Qxh6 Qe5 87. h4 Qe4+ 88. f3 Qe2+
89. Kg3 Qe1+ 90. Kh3 Qh1+ 91. Kg3 Qxh4+ 92. Qxh4 gxh4+ 93. Kf4 h3 94. Kg3 Kc3
0-1

[Event "SSkopje MKD"]
[Site "SSkopje MKD"]
[Date "2014.03.30"]
[Round "2.20"]
[White "Nikolov, Sasho"]
[Black "Grigoriants, Sergey"]
[Result "1/2-1/2"]
[WhiteElo "2358"]
[BlackElo "2574"]
[PlyCount "106"]
[EventDate "2014.03.29"]
[EventType "swiss"]
[EventRounds "9"]

1. d4 Nf6 2. Nf3 g6 3. Bf4 Bg7 4. e3 d6 5. h3 c5 6. c3 cxd4 7. exd4 O-O 8. Be2
Be6 9. O-O Qb6 10. Qd2 Nbd7 11. Re1 Rfe8 12. a4 a6 13. a5 Qc6 14. Na3 Rac8 15.
Ng5 Nf8 16. Nxe6 Nxe6 17. Bh2 d5 18. Nc2 Qd7 19. Nb4 Nd8 20. Bf3 Nc6 21. Nd3
Qd8 22. b4 e6 23. Nc5 Re7 24. Be2 Ne4 25. Nxe4 dxe4 26. Rad1 Rd7 27. Bf1 f5 28.
Qa2 Kh8 29. Qxe6 Na7 30. Re3 Nb5 31. Bxb5 axb5 32. f3 Re7 33. Qd6 Rd7 34. Qb6
Qxb6 35. axb6 Bh6 36. Be5+ Kg8 37. f4 Rc6 38. Bc7 Rdxc7 39. bxc7 Bxf4 40. Re2
Rxc3 41. g4 Bxc7 42. gxf5 gxf5 43. Rf1 f4 44. Rxe4 Kf7 45. Rfe1 Bd6 46. Re6
Bxb4 47. R1e4 Rxh3 48. Rb6 Bd2 49. Rxb5 Rd3 50. Kg2 Be3 51. Rxb7+ Kf6 52. Rxh7
Rxd4 53. Rxd4 Bxd4 1/2-1/2

[Event "SSkopje MKD"]
[Site "SSkopje MKD"]
[Date "2014.03.30"]
[Round "2.21"]
[White "Golod, Vitali"]
[Black "Klasan, Vladimir"]
[Result "1-0"]
[WhiteElo "2573"]
[BlackElo "2345"]
[PlyCount "75"]
[EventDate "2014.03.29"]
[EventType "swiss"]
[EventRounds "9"]

1. d4 Nf6 2. c4 c5 3. d5 e6 4. Nc3 exd5 5. cxd5 d6 6. e4 g6 7. f4 Bg7 8. Bb5+
Nfd7 9. a4 O-O 10. Nf3 Na6 11. O-O Nc7 12. Bd3 Na6 13. Re1 Nb4 14. Bf1 a6 15.
Be3 Re8 16. Bf2 b6 17. Bg3 Nf6 18. h3 Bb7 19. Qd2 Qc7 20. Bc4 Rad8 21. Rad1 Rd7
22. Bh2 Qd8 23. Re2 Qa8 24. Kh1 Rde7 25. Rde1 Nd7 26. b3 b5 27. axb5 Nb6 28. f5
Rd7 29. e5 dxe5 30. Nxe5 Rde7 31. d6 Rxe5 32. Rxe5 Bxe5 33. Rxe5 Rxe5 34. Bxe5
Qe8 35. Bf6 Nd7 36. Be7 Ne5 37. f6 Kh8 38. Qh6 1-0

[Event "SSkopje MKD"]
[Site "SSkopje MKD"]
[Date "2014.03.30"]
[Round "2.22"]
[White "Tesik, Csaba"]
[Black "Parligras, Mircea Emilian"]
[Result "0-1"]
[WhiteElo "2344"]
[BlackElo "2572"]
[PlyCount "86"]
[EventDate "2014.03.29"]
[EventType "swiss"]
[EventRounds "9"]

1. e4 c5 2. Nf3 e6 3. d4 cxd4 4. Nxd4 a6 5. Nc3 d6 6. Bd3 Nf6 7. O-O Nbd7 8.
Qe2 Nc5 9. Be3 b5 10. b4 Nxd3 11. cxd3 Bb7 12. Nb3 Rc8 13. Rac1 Be7 14. f4 O-O
15. h3 Nd7 16. Qf2 Bh4 17. Qd2 Rc7 18. Ne2 Bf6 19. Rxc7 Qxc7 20. Rc1 Qb8 21.
Na5 Rc8 22. Rxc8+ Qxc8 23. Nxb7 Qxb7 24. Qc2 Nb8 25. Bd4 Be7 26. Qc3 Bf8 27.
Be3 g6 28. Bd4 Nc6 29. Bf6 Qb6+ 30. Kh2 d5 31. a3 dxe4 32. dxe4 a5 33. Nd4 Nxd4
34. bxa5 Qb8 35. Qxd4 Qxf4+ 36. g3 Qf3 37. h4 Qe2+ 38. Kh3 Qe1 39. a6 Qh1+ 40.
Kg4 h5+ 41. Kf4 Qf1+ 42. Ke3 Bc5 43. a7 Bxa7 0-1

[Event "SSkopje MKD"]
[Site "SSkopje MKD"]
[Date "2014.03.30"]
[Round "2.23"]
[White "Kuljasevic, Davorin"]
[Black "Vucinic, Gojko"]
[Result "1-0"]
[WhiteElo "2567"]
[BlackElo "2343"]
[PlyCount "65"]
[EventDate "2014.03.29"]
[EventType "swiss"]
[EventRounds "9"]

1. c4 Nf6 2. Nc3 d5 3. cxd5 Nxd5 4. g3 g6 5. Bg2 Nb6 6. d3 Bg7 7. Be3 O-O 8.
Qd2 Nc6 9. Nf3 Re8 10. Bh6 Bh8 11. O-O e5 12. Rac1 Nd4 13. Nxd4 exd4 14. Ne4 c6
15. Bg5 f6 16. Bh6 Qe7 17. e3 Be6 18. Qa5 f5 19. Bg5 Qf8 20. Nc5 dxe3 21. Bxe3
Qf7 22. Nxe6 Qxe6 23. b4 Rad8 24. Qxa7 Nd5 25. Bxd5 cxd5 26. Rc7 Be5 27. Rxb7
Ra8 28. Qb6 Rxa2 29. Qxe6+ Rxe6 30. Rc1 Re8 31. b5 d4 32. Bh6 Ra3 33. Re1 1-0

[Event "SSkopje MKD"]
[Site "SSkopje MKD"]
[Date "2014.03.30"]
[Round "2.24"]
[White "Dinev, Dejan"]
[Black "Damljanovic, Branko"]
[Result "0-1"]
[WhiteElo "2342"]
[BlackElo "2566"]
[PlyCount "119"]
[EventDate "2014.03.29"]
[EventType "swiss"]
[EventRounds "9"]

1. e4 c5 2. Nc3 Nc6 3. f4 g6 4. Nf3 Bg7 5. Bb5 Nd4 6. Bc4 e6 7. O-O Ne7 8. Nxd4
Bxd4+ 9. Kh1 d5 10. Bb5+ Kf8 11. Be2 dxe4 12. Nxe4 b6 13. c3 Bg7 14. d3 Bb7 15.
Qc2 Qc7 16. Bd2 h6 17. Rae1 Rd8 18. Bf3 Nf5 19. Be2 Nh4 20. Rf2 f5 21. Ng3 Kf7
22. Bf1 Rhe8 23. Qb3 Bd5 24. Qa4 a5 25. Bc1 Bc6 26. Qb3 a4 27. Qc2 Rd6 28. Rfe2
Qd7 29. Re3 Bf6 30. Qf2 Bb5 31. Qc2 Rd8 32. c4 Bc6 33. b3 axb3 34. Qxb3 Qb7 35.
Qc2 Bd4 36. R3e2 Qa8 37. a3 Qa4 38. Qb1 b5 39. Bb2 bxc4 40. dxc4 Rb8 41. Qc1
Bxb2 42. Rxb2 Rxb2 43. Qxb2 Rd1 44. Qf2 Rxe1 45. Qxe1 Qc2 46. Ne2 g5 47. Kg1
Qxc4 48. Qa1 Bxg2 49. Qh8 Bc6 50. Qh7+ Ke8 51. Qxh6 Nf3+ 52. Kf2 g4 53. h4 gxh3
54. Qxh3 Nd2 55. Qh8+ Kd7 56. Qb2 Nb3 57. Qg7+ Kc8 58. Qb2 Bb5 59. Qe5 Nd4 60.
Qd6 0-1

[Event "SSkopje MKD"]
[Site "SSkopje MKD"]
[Date "2014.03.30"]
[Round "2.25"]
[White "Anton Guijarro, David"]
[Black "Nikolova, Adriana"]
[Result "1-0"]
[WhiteElo "2559"]
[BlackElo "2341"]
[PlyCount "125"]
[EventDate "2014.03.29"]
[EventType "swiss"]
[EventRounds "9"]

1. e4 c5 2. Nf3 d6 3. d4 cxd4 4. Nxd4 Nf6 5. Nc3 a6 6. Qd3 e5 7. Nf5 Bxf5 8.
exf5 d5 9. Bg5 d4 10. Ne4 Be7 11. Bxf6 gxf6 12. Be2 Qa5+ 13. Kf1 Nc6 14. a3 Rc8
15. Rb1 Qc7 16. Qg3 Rf8 17. Bd3 Nb8 18. Qg7 Nd7 19. Qxh7 Nc5 20. Nxc5 Bxc5 21.
Qh4 Qb6 22. Ke2 Ke7 23. Qe4 Rh8 24. h4 Rh7 25. g4 Rg8 26. g5 Rhg7 27. b4 Bd6
28. Rbg1 Qc6 29. f4 Qxe4+ 30. Bxe4 exf4 31. g6 fxg6 32. fxg6 f5 33. Bxf5 Kf6
34. Bd3 Re7+ 35. Kf2 Kg7 36. Rg5 Rh8 37. Rf5 Rh6 38. h5 Rh8 39. Re1 Rxe1 40.
Kxe1 Re8+ 41. Kf2 Re7 42. Rd5 Be5 43. Kf3 Kh6 44. a4 Bb8 45. Rd8 Be5 46. Kg4
Bg7 47. a5 f3 48. Kxf3 Kxh5 49. Rd5+ Kh6 50. Kg4 Bf6 51. Kf5 Kg7 52. Be4 Rc7
53. Rd6 Be7 54. Rb6 Bd8 55. Rxb7 Rxb7 56. Bxb7 Be7 57. b5 axb5 58. a6 Bc5 59.
Be4 Bb6 60. Ke6 Ba7 61. Kd6 b4 62. Kc6 d3 63. Bxd3 1-0

[Event "SSkopje MKD"]
[Site "SSkopje MKD"]
[Date "2014.03.30"]
[Round "2.26"]
[White "Dimitrov, Pavel"]
[Black "Salem, Aylem"]
[Result "1/2-1/2"]
[WhiteElo "2333"]
[BlackElo "2558"]
[PlyCount "105"]
[EventDate "2014.03.29"]
[EventType "swiss"]
[EventRounds "9"]

1. e4 c6 2. d4 d5 3. Nc3 dxe4 4. Nxe4 Bf5 5. Ng3 Bg6 6. Nf3 Nf6 7. h4 h6 8. Ne5
Bh7 9. Bc4 e6 10. Qe2 Nd5 11. Qf3 Qe7 12. c3 Nd7 13. Nxd7 Qxd7 14. Bd3 Bxd3 15.
Qxd3 O-O-O 16. Bd2 Qc7 17. O-O-O c5 18. dxc5 Nf4 19. Qf3 Nd3+ 20. Kb1 Bxc5 21.
Ne4 Bb6 22. Be3 Ne5 23. Qg3 Bxe3 24. Qxe3 b6 25. Qe2 Rxd1+ 26. Rxd1 Rd8 27. Rd4
Rxd4 28. cxd4 Ng6 29. g3 Ne7 30. Qb5 Kd8 31. Qe5 Nf5 32. Nc3 Qxe5 33. dxe5 Nd4
34. f4 h5 35. Kc1 Kd7 36. Kd2 Nf5 37. Ne4 Kc6 38. Kd3 a5 39. b3 Kd5 40. a3 Kc6
41. Kc4 Ne3+ 42. Kd3 Nf5 43. Kc4 Ne3+ 44. Kd3 Nf5 45. Kc4 b5+ 46. Kd3 Kd5 47.
Nc3+ Kc5 48. Ne4+ Kc6 49. b4 a4 50. Kd2 Kd5 51. Kd3 Kc6 52. Kd2 Kd5 53. Kd3
1/2-1/2

[Event "SSkopje MKD"]
[Site "SSkopje MKD"]
[Date "2014.03.30"]
[Round "2.27"]
[White "Djukic, Nikola"]
[Black "Emiroglu, Cankut"]
[Result "1/2-1/2"]
[WhiteElo "2551"]
[BlackElo "2328"]
[PlyCount "96"]
[EventDate "2014.03.29"]
[EventType "swiss"]
[EventRounds "9"]

1. e4 c6 2. d4 d5 3. Nc3 dxe4 4. Nxe4 Nd7 5. Nf3 Ngf6 6. Ned2 g6 7. g3 Bg7 8.
Bg2 O-O 9. O-O c5 10. Re1 cxd4 11. Nxd4 Nb6 12. N2f3 Nfd5 13. a4 a5 14. c3 Re8
15. Ng5 Bd7 16. Qb3 e6 17. Ne4 Qc7 18. Nb5 Bxb5 19. Qxb5 Nc4 20. Bf1 Ne5 21.
Be2 Rec8 22. Bd2 h6 23. c4 Ne7 24. Be3 Nf5 25. Rad1 Nxe3 26. fxe3 Bf8 27. Nf6+
Kg7 28. Nd7 Bc5 29. Nxc5 Qxc5 30. Qxc5 Rxc5 31. b3 Ra6 32. Rd4 Rb6 33. Bd1 Rc7
34. Kf2 Nd7 35. Bc2 Nc5 36. Rb1 Rcc6 37. Rd7 Rd6 38. Rxd6 Rxd6 39. Ke2 Na6 40.
Be4 b6 41. Rf1 Nb4 42. Bb1 Na6 43. Bc2 f6 44. h3 Rd8 45. Rf4 e5 46. Rf1 Nb4 47.
Bb1 Rd6 48. Rg1 Kf7 1/2-1/2

[Event "SSkopje MKD"]
[Site "SSkopje MKD"]
[Date "2014.03.30"]
[Round "2.28"]
[White "Aharon, Ofir"]
[Black "Savic, Miodrag R"]
[Result "1/2-1/2"]
[WhiteElo "2316"]
[BlackElo "2536"]
[PlyCount "96"]
[EventDate "2014.03.29"]
[EventType "swiss"]
[EventRounds "9"]

1. e4 d5 2. exd5 Qxd5 3. Nc3 Qa5 4. d4 c6 5. Nf3 Nf6 6. Bc4 Bf5 7. Nh4 Bg6 8.
Bd2 e6 9. Qe2 Bb4 10. Nxg6 hxg6 11. a3 Nbd7 12. Ba2 Bxc3 13. Bxc3 Qf5 14. f3
Nd5 15. Qd2 Nxc3 16. Qxc3 Qf4 17. Qd2 Qxd2+ 18. Kxd2 O-O-O 19. Ke3 Nf6 20. c4
Rd7 21. Rad1 Kc7 22. Rd2 g5 23. g3 a5 24. Rhd1 Rhd8 25. Bb3 Re7 26. Bc2 Ne8 27.
Kd3 e5 28. Kc3 exd4+ 29. Rxd4 Rxd4 30. Rxd4 Re3+ 31. Rd3 Re2 32. Rd2 Re3+ 33.
Rd3 Re2 34. Rd2 Rxd2 35. Kxd2 Kd6 36. b4 axb4 37. axb4 b6 38. Ke3 Nc7 39. Bd3
Ne6 40. Bf5 Nc7 41. Bc8 Ne8 42. f4 gxf4+ 43. Kxf4 Ke7 44. Bg4 Nc7 45. h4 Kd6
46. Bc8 b5 47. cxb5 Nd5+ 48. Ke4 Nxb4 1/2-1/2

[Event "SSkopje MKD"]
[Site "SSkopje MKD"]
[Date "2014.03.30"]
[Round "2.29"]
[White "Can, Emre"]
[Black "Toth, Aleksandar"]
[Result "1-0"]
[WhiteElo "2524"]
[BlackElo "2306"]
[PlyCount "57"]
[EventDate "2014.03.29"]
[EventType "swiss"]
[EventRounds "9"]

1. c4 e6 2. Nf3 d5 3. d4 Nf6 4. g3 Bb4+ 5. Bd2 Bd6 6. Bg2 c6 7. Qc2 Nbd7 8. O-O
O-O 9. Rd1 Qe7 10. Bg5 h6 11. Bxf6 Nxf6 12. Nbd2 b6 13. e4 dxe4 14. Nxe4 Nxe4
15. Qxe4 Bb7 16. Ne5 Bxe5 17. Qxe5 Rfd8 18. c5 bxc5 19. dxc5 Rac8 20. b4 Ba6
21. Rd6 Qb7 22. Qd4 Rxd6 23. cxd6 Rd8 24. a4 Qb8 25. Rd1 Bb7 26. Qc5 a6 27. h4
Qc8 28. Qb6 Rd7 29. b5 1-0

[Event "SSkopje MKD"]
[Site "SSkopje MKD"]
[Date "2014.03.30"]
[Round "2.30"]
[White "Radovanovic, Nikola"]
[Black "Blagojevic, Dragisa"]
[Result "0-1"]
[WhiteElo "2308"]
[BlackElo "2517"]
[PlyCount "68"]
[EventDate "2014.03.29"]
[EventType "swiss"]
[EventRounds "9"]

1. d4 d5 2. c4 e6 3. Nf3 Nf6 4. g3 dxc4 5. Qa4+ c6 6. Qxc4 b5 7. Qc2 Bb7 8. Bg2
Nbd7 9. Ne5 Nxe5 10. dxe5 Nd5 11. O-O Be7 12. Nc3 Qb8 13. e4 Nxc3 14. Qxc3 b4
15. Qd4 c5 16. Qd1 Ba6 17. Re1 O-O 18. Bf4 Rd8 19. Qg4 Bd3 20. Rac1 c4 21. h4
b3 22. a3 Bc2 23. h5 Rd7 24. Re3 Rd3 25. Bh6 Qxe5 26. Ree1 Rad8 27. Kh2 g6 28.
hxg6 hxg6 29. Bf3 Qh8 30. Kg2 Qxh6 31. Rh1 Qg7 32. Rh2 c3 33. Rch1 cxb2 34. Qf4
Rxf3 0-1

[Event "SSkopje MKD"]
[Site "SSkopje MKD"]
[Date "2014.03.30"]
[Round "2.31"]
[White "Baron, Tal"]
[Black "Basso, Pier Luigi"]
[Result "1-0"]
[WhiteElo "2513"]
[BlackElo "2304"]
[PlyCount "81"]
[EventDate "2014.03.29"]
[EventType "swiss"]
[EventRounds "9"]

1. d4 f5 2. Bg5 g6 3. Nc3 Bg7 4. h4 h6 5. Bf4 Nf6 6. Qd3 d6 7. Qg3 Kf7 8. Qf3
Rf8 9. e3 Kg8 10. Bc4+ Kh7 11. Nh3 Qe8 12. Ng5+ hxg5 13. hxg5+ Nh5 14. Nd5 e6
15. Nxc7 Qf7 16. Nxa8 b5 17. Be2 e5 18. Rxh5+ gxh5 19. Qh3 Kg8 20. Bxh5 Qe7 21.
Bg6 Rd8 22. Bh7+ Kf8 23. Bxf5 Bxf5 24. Qxf5+ Qf7 25. g4 Na6 26. dxe5 Bxe5 27.
Bxe5 dxe5 28. Qe4 Qc4 29. Qf3+ Qf7 30. Qe4 Qc4 31. Qf5+ Qf7 32. Qxe5 Kg8 33.
Qxb5 Qf3 34. Qxa6 Qxa8 35. Qe6+ Kf8 36. Qf6+ Ke8 37. g6 Qh1+ 38. Ke2 Rd2+ 39.
Kxd2 Qxa1 40. Qf7+ Kd8 41. g7 1-0

[Event "SSkopje MKD"]
[Site "SSkopje MKD"]
[Date "2014.03.30"]
[Round "2.32"]
[White "Doncevic, Dario"]
[Black "Antipov, Mikhail Al"]
[Result "1/2-1/2"]
[WhiteElo "2304"]
[BlackElo "2507"]
[PlyCount "65"]
[EventDate "2014.03.29"]
[EventType "swiss"]
[EventRounds "9"]

1. e4 e5 2. Nf3 Nc6 3. Bb5 a6 4. Ba4 Nf6 5. O-O Be7 6. Bxc6 dxc6 7. Qe1 Nd7 8.
b3 c5 9. Bb2 Bd6 10. a4 Rb8 11. Nc3 O-O 12. d3 b5 13. Nd2 c6 14. Ne2 Qc7 15.
Kh1 f6 16. f3 Bb7 17. g4 Rbe8 18. Qf2 Bc8 19. Ba3 Rf7 20. Rg1 a5 21. Ng3 g6 22.
Rg2 Qa7 23. h4 Qb6 24. h5 Nf8 25. Ndf1 Ne6 26. Ne3 Rd7 27. Bc1 Bf8 28. Rh2 g5
29. Bd2 b4 30. Nc4 Qd8 31. Nf1 Ba6 32. Nfe3 Nd4 33. Bc1 1/2-1/2

[Event "SSkopje MKD"]
[Site "SSkopje MKD"]
[Date "2014.03.30"]
[Round "2.33"]
[White "Nedev, Trajce"]
[Black "Ilic, Zoran S"]
[Result "0-1"]
[WhiteElo "2504"]
[BlackElo "2297"]
[PlyCount "75"]
[EventDate "2014.03.29"]
[EventType "swiss"]
[EventRounds "9"]

1. e4 c5 2. Nf3 e6 3. d4 cxd4 4. Nxd4 a6 5. Nc3 Qc7 6. Bd3 Bc5 7. Nb3 Be7 8.
O-O Nf6 9. f4 d6 10. Qe2 Nc6 11. Bd2 b5 12. Rae1 b4 13. Nd1 a5 14. c3 Ba6 15.
c4 a4 16. Nc1 b3 17. axb3 axb3 18. Ne3 Nd4 19. Qd1 Qb6 20. Kh1 O-O 21. Bc3 Nd7
22. e5 dxe5 23. fxe5 Bc5 24. Rf4 g6 25. Ng4 Rad8 26. Qd2 Nf5 27. Rxf5 exf5 28.
Nh6+ Kh8 29. e6+ f6 30. Ba5 Qb8 31. e7 Bxe7 32. Rxe7 Ne5 33. Nxf5 Rd7 34. Rxd7
Nxd7 35. Ne3 Qf4 36. Nd5 Qxd2 37. Bxd2 Ne5 38. Bf1 0-1